[Event "POL-ch U18 Girls"]
[Site "Sypniewo"]
[Date "2022.03.25"]
[Round "7"]
[White "Krzyzosiak, Anna"]
[Black "Libura, Julianna"]
[Result "1/2-1/2"]
[WhiteElo "1489"]
[BlackElo "1590"]
[PlyCount "60"]
[EventDate "2022.03.19"]
[EventType "swiss"]
[EventRounds "9"]
[EventCountry "POL"]
[SourceTitle "CBM 207 Extra"]
[Source "ChessBase"]
[SourceDate "2022.05.31"]
[SourceVersion "1"]
[SourceVersionDate "2022.05.31"]
[SourceQuality "1"]

1. e4 c5 2. Nf3 g6 3. d4 cxd4 4. Nxd4 Bg7 5. c4 Nc6 6. Be3 Nf6 7. Nc3 d6 8. Be2 0-0 9. 0-0 Nxd4 10. Bxd4 Be6 11. f3 Nd7 12. Bxg7 Kxg7 13. Qd4+ Kg8 14. Nd5 Bxd5 15. cxd5 Qb6 16. Qxb6 Nxb6 17. Rac1 Rac8 18. b3 Rxc1 19. Rxc1 Rc8 20. Rxc8+ Nxc8 21. Kf2 e5 22. dxe6 fxe6 23. f4 Ne7 24. Bc4 Kf7 25. g4 d5 26. exd5 exd5 27. Bd3 Kf6 28. Ke3 Nc6 29. h3 a6 30. Bb1 b6 1/2-1/2

[Event "POL-chT U20 2nd League"]
[Site "Szczyrk"]
[Date "2017.07.28"]
[Round "9.33"]
[White "Libura, Julianna"]
[Black "Tokarz, Izabela"]
[Result "1-0"]
[WhiteElo "1367"]
[BlackElo "1342"]
[PlyCount "93"]
[EventDate "2017.07.22"]
[EventType "team-swiss"]
[EventRounds "11"]
[EventCountry "POL"]
[SourceTitle "EXT 2019"]
[Source "ChessBase"]
[SourceDate "2018.10.10"]
[SourceVersion "1"]
[SourceVersionDate "2018.10.10"]
[SourceQuality "1"]

1. e4 c5 2. Nf3 d6 3. d4 cxd4 4. Nxd4 Nf6 5. Nc3 g6 6. Be3 Bg7 7. f3 Nc6 8. Bc4 0-0 9. Qd2 Bd7 10. 0-0-0 Rc8 11. Bb3 Nxd4 12. Bxd4 b5 13. g4 a5 14. a4 bxa4 15. Nxa4 Bxa4 16. Bxa4 Nd7 17. Bxg7 Kxg7 18. Qd4+ f6 19. Bxd7 Qxd7 20. h4 Qe6 21. Qd5 Qd7 22. Qa2 Rc5 23. h5 g5 24. Rd5 Rfc8 25. h6+ Kf8 26. Rxc5 Rxc5 27. Qb3 Qc7 28. Rd1 Qc6 29. Rd5 Rxd5 30. Qxd5 Qxd5 31. exd5 Ke8 32. c3 Kd7 33. b4 Kc7 34. bxa5 Kb7 35. Kd2 Ka6 36. Kd3 Kxa5 37. Ke4 Kb5 38. Kf5 Kc4 39. Ke6 Kc5 40. Kxe7 Kxd5 41. Kxf6 Kc4 42. Kg7 Kxc3 43. Kxh7 d5 44. Kg6 d4 45. h7 d3 46. h8Q+ Kc2 47. Qd4 1-0

[Event "POL Olympiad U14 Girls"]
[Site "Drzonkow"]
[Date "2017.04.07"]
[Round "8"]
[White "Libura, Julianna"]
[Black "Mucha, Marta"]
[Result "1/2-1/2"]
[WhiteElo "1377"]
[BlackElo "1397"]
[PlyCount "89"]
[EventDate "2017.04.02"]
[EventType "swiss"]
[EventRounds "9"]
[EventCountry "POL"]
[SourceTitle "EXT 2020"]
[Source "ChessBase"]
[SourceDate "2019.10.17"]
[SourceVersion "1"]
[SourceVersionDate "2019.10.17"]
[SourceQuality "1"]

1. e4 d5 2. exd5 Qxd5 3. Nc3 Qd6 4. d4 Nf6 5. h3 a6 6. Nf3 Nc6 7. Be2 Bf5 8. a3 e6 9. 0-0 Be7 10. Re1 0-0 11. Be3 Rad8 12. Qd2 Nd5 13. Nxd5 exd5 14. Bf4 Qd7 15. Ne5 Nxe5 16. Bxe5 Bd6 17. Bd3 Bxd3 18. Qxd3 Rfe8 19. Bxd6 Qxd6 20. Re2 Re6 21. Rae1 Rde8 22. Qf3 h6 23. c3 c6 24. Re3 R8e7 25. R3e2 Qd7 26. Qd3 Qe8 27. Kf1 g6 28. Qf3 Kg7 29. Qd3 Qd7 30. Qf3 Qd6 31. Kg1 Qd7 32. Kf1 Qe8 33. Qd3 Rxe2 34. Rxe2 Rxe2 35. Qxe2 Qxe2+ 36. Kxe2 Kf6 37. Ke3 Kf5 38. Kf3 f6 39. g4+ Ke6 40. Kf4 g5+ 41. Kg3 f5 42. f3 f4+ 43. Kf2 Kd6 44. Ke2 b5 45. b4 1/2-1/2

[Event "POL-ch U12 Girls"]
[Site "Suwalki"]
[Date "2015.04.14"]
[Round "9.9"]
[White "Libura, Julianna"]
[Black "Marcinczyk, Monika"]
[Result "1/2-1/2"]
[WhiteElo "1141"]
[BlackElo "1495"]
[PlyCount "102"]
[EventDate "2015.04.08"]
[EventType "swiss"]
[EventRounds "9"]
[EventCountry "POL"]
[SourceTitle "EXT 2023"]
[Source "ChessBase"]
[SourceDate "2022.10.05"]
[SourceVersion "1"]
[SourceVersionDate "2022.10.05"]
[SourceQuality "1"]

1. e4 c5 2. Nf3 e6 3. d4 cxd4 4. Nxd4 Nf6 5. Nc3 d6 6. Be2 a6 7. a4 Be7 8. 0-0 0-0 9. Kh1 Qc7 10. Be3 b6 11. f4 Bb7 12. Bf3 Nc6 13. Qe2 Nxd4 14. Bxd4 e5 15. fxe5 dxe5 16. Be3 Rfd8 17. Qf2 Bc5 18. Bxc5 Qxc5 19. Qxc5 bxc5 20. Rfd1 Rd4 21. Ne2 Rxd1+ 22. Rxd1 Bxe4 23. Bxe4 Nxe4 24. Rd5 f6 25. g3 Rb8 26. b3 Kf7 27. Rd7+ Kg6 28. Kg2 Rb6 29. Kf3 f5 30. Nc1 Ng5+ 31. Ke3 e4 32. Ne2 Ne6 33. Rd5 Kf6 34. Nc3 Rc6 35. Ne2 g6 36. h3 h6 37. h4 g5 38. hxg5+ Kxg5 39. Rd7 h5 40. Rd5 Kg4 41. Rd7 Kg5 42. a5 Kg4 43. c3 Kg5 44. Rd5 Kf6 45. Nf4 Ng7 46. Ne2 Kg5 47. Rd7 Ne6 48. Rd5 Ng7 49. Rd7 Ne6 50. Rd5 Nc7 51. Rd7 Ne6 1/2-1/2

[Event "POL-ch U12 Girls"]
[Site "Suwalki"]
[Date "2015.04.12"]
[Round "7.8"]
[White "Libura, Julianna"]
[Black "Zarebska, Lena"]
[Result "1/2-1/2"]
[WhiteElo "1141"]
[BlackElo "1315"]
[PlyCount "57"]
[EventDate "2015.04.08"]
[EventType "swiss"]
[EventRounds "9"]
[EventCountry "POL"]
[SourceTitle "EXT 2023"]
[Source "ChessBase"]
[SourceDate "2022.10.05"]
[SourceVersion "1"]
[SourceVersionDate "2022.10.05"]
[SourceQuality "1"]

1. e4 c5 2. Nf3 d6 3. d4 cxd4 4. Nxd4 Nf6 5. Nc3 a6 6. a4 Nbd7 7. Be2 e6 8. Bg5 Be7 9. 0-0 0-0 10. Kh1 Nc5 11. Bxf6 Bxf6 12. f4 Qc7 13. Bf3 e5 14. Nd5 Qd8 15. fxe5 dxe5 16. Ne2 Be6 17. Nec3 Rc8 18. Bg4 Bxg4 19. Nxf6+ Qxf6 20. Qxg4 Qg6 21. Qf3 Rfd8 22. Nd5 Re8 23. Rfe1 Ne6 24. c3 Ng5 25. Qd3 Ne6 26. Qf3 Ng5 27. Qd3 Ne6 28. Qf3 Ng5 29. Qd3 1/2-1/2